Los muebles de la casa Requena (Record no. 5749)

MARC details
000 -CABECERA
campo de control de longitud fija 00793nam a2200217 a 4500
001 - NÚMERO DE CONTROL
campo de control BRCA_6062
005 - FECHA Y HORA DE LA ÚLTIMA TRANSACCIÓN
campo de control 20190320205322.0
008 - DATOS DE LONGITUD FIJA--INFORMACIÓN GENERAL
campo de control de longitud fija 120608s2007----mx-a---###---#000-0#spa-#
050 #4 - SIGNATURA TOPOGRÁFICA DE LA BIBLIOTECA DEL CONGRESO
Número de clasificación N6465.A7
Número de documento/Ítem .F67 2007
100 1# - ENTRADA PRINCIPAL--NOMBRE DE PERSONA
Nombre de persona Fosas Hübbe, Débora
9 (RLIN) 15304
245 10 - MENCIÓN DE TÍTULO
Título Los muebles de la casa Requena
Resto del título una historia del Art Nouveau mexicano.
260 ## - PUBLICACIÓN, DISTRIBUCIÓN, ETC.
Lugar de publicación, distribución, etc. Ciudad de México
Fecha de publicación, distribución, etc. 2007
300 ## - DESCRIPCIÓN FÍSICA
Extensión 149 p.
Otras características físicas il., fotografías
502 ## - NOTA DE TESIS
Nota de tesis Tesis Licenciatura (Licenciatura en Historia del Arte) Centro de Cultura Casa Lamm
600 14 - PUNTO DE ACCESO ADICIONAL DE MATERIA--NOMBRE DE PERSONA
Nombre de persona Requena, José Luis
Fechas asociadas al nombre 1860-1919
Subdivisión general Colecciones de artes decorativas
9 (RLIN) 15305
650 14 - PUNTO DE ACCESO ADICIONAL DE MATERIA--TÉRMINO DE MATERIA
Término de materia o nombre geográfico como elemento de entrada Muebles Art Nouveau
9 (RLIN) 15306
650 14 - PUNTO DE ACCESO ADICIONAL DE MATERIA--TÉRMINO DE MATERIA
Término de materia o nombre geográfico como elemento de entrada Art Nouveau
Subdivisión cronológica 1890 a 1920
Subdivisión geográfica México
9 (RLIN) 15307
700 1# - PUNTO DE ACCESO ADICIONAL--NOMBRE DE PERSONA
Nombre de persona Fierro Gossman, Rafael
Término indicativo de función/relación asesor
9 (RLIN) 15308
902 ## - CATALOGADOR
Iniciales TES
942 ## - ELEMENTOS DE PUNTO DE ACCESO ADICIONAL (KOHA)
Fuente del sistema de clasificación o colocación Library of Congress Classification
Tipo de ítem Koha Tesis
Holdings
Estado de retiro Estado de pérdida Estado dañado No para préstamo Localización permanente Ubicación/localización actual Fecha de adquisición Total de préstamos Signatura topográfica completa Código de barras Fecha visto por última vez Precio válido a partir de Tipo de ítem Koha
El ejemplar forma parte de la colección y puede ser consultado según las políticas vigentes.       Biblioteca del Museo Franz Mayer (Rogerio Casas-Alatriste) Biblioteca del Museo Franz Mayer (Rogerio Casas-Alatriste) 24/05/2011   N6465.A7 .F67 2007 TES00028 22/03/2019 22/03/2019 Tesis